Антраксът в България (Запис номер 121819)
[ съкратено ]
| 000 -Лидер | |
|---|---|
| Контролно поле с фиксирана дължина | 01619nam a2200349 c 4500 |
| 003 - Код на организацията, давaща контролен номер | |
| Контролно поле | BLK |
| 005 - Дата и час на последна редакция | |
| Контролно поле | 20200313085203.0 |
| 008 - Елементи от данни с фиксирана дължина | |
| fixed length control field | 180409b bul|||||r ||||||| ||bul|| |
| 010 ## - Наследен системен номер | |
| LC control number | KNG00127451000 |
| 040 ## - Източник на каталожния запис | |
| Идентификатор на билиотеката - собственик на записа | BLK |
| 041 ## - Код за език | |
| Код за езика на текст/звукозапис или на отделно заглавие | Български |
| Код за езика КДБФ | Български |
| 080 ## - УДК | |
| Текстов определител УДК | Антракс(синя пъпка, сибирска язва) |
| УДК код - определител по УДК | 636.09 |
| УДК определител | (497.2) |
| УДК - код + определител | 636.09(497.2) |
| 100 1# - Редна дума - Автор | |
| Автор | Кебеджиев, Георги Неделчев |
| Авторска отговорност | първи автор |
| R(LIN) | 317244 |
| 139 ## - Редно поле | |
| Редна дума | Антраксът в България |
| Авторски знак | Анто - А 75 |
| 245 10 - Сведения за заглавието | |
| Заглавие | Антраксът в България |
| Подзаглавни данни | Моногр. |
| Редно поле (дума) | Георги Неделчев Кебеджиев. |
| 257 ## - Страна на издаване | |
| Страна на създаване/издаване | България |
| 260 ## - Област на издателските данни | |
| Име на издателя, разпространителя и проч. | БАН |
| Година на издаване | 1989 |
| 300 ## - Физическа характеристика | |
| Страници | 172 с. |
| Илюстрации и др. | с ил. |
| Размери/Мащаб | 20 см |
| 380 ## - Жанр | |
| Жанр | Селско стопанство |
| 500 ## - Общи забележки | |
| Забележка | Други авт. : А. Цв. Томов, Ив. Н. Ангелов, Д. Г. Филипов, отбелязани на гърба на загл. с. - Изд. на БАН. Инст. по микробиология. - Офс. изд. - 900 тир. - Библиогр. с. 152-165 ; Рез. на рус., англ. ез. |
| 650 #4 - Допълнително описание по предмет – тема | |
| Основно описание – тема или топоним | Антракс |
| 9 (RLIN) | 147246 |
| 651 #4 - Допълнително описание по предмет - топоним | |
| Географско понятие | България |
| 9 (RLIN) | 241624 |
| 653 ## - Ключова дума – ненормативна | |
| Ключова дума | ветеринарна медицина |
| 653 ## - Ключова дума – ненормативна | |
| Ключова дума | антракс |
| 653 ## - Ключова дума – ненормативна | |
| Ключова дума | болести при животните |
| 653 ## - Ключова дума – ненормативна | |
| Ключова дума | заразни заболявания |
| 852 ## - Местоположение | |
| Форматна сигнатура | Цб 157953 |
| 856 4# - Електронен адрес и достъп | |
| Електронен формат | pdf - файл |
| 856 4# - Електронен адрес и достъп | |
| Електронен формат | pdf - файл |
| 999 ## - СИСТЕМНИ КОНТРОЛНИ НОМЕРА | |
| Koha biblionumber | 121819 |
| Koha biblioitemnumber | 121819 |
| 942 ## - АРТИКУЛИ | |
| Вид на библиотечния материал | Книги |
| Скрит в OPAC | Не |
| Периодичен библиозапис | Да |
| 944 ## - СЪЗДАВАНЕ И РЕДАКЦИЯ на ЗАПИСА | |
| Създаване/Редакция | Създаване |
| Дата на регистрацията/редакция | 15.02.2012 |
| Статус, дата на статуса | 15.02.2012 - от С1,Р / 15.02.2012 |
| Служител, извършил регистрацията/редакцията | Виолета_Тройчева |
| 944 ## - СЪЗДАВАНЕ И РЕДАКЦИЯ на ЗАПИСА | |
| Създаване/Редакция | Редакция |
| Дата на регистрацията/редакция | 12.02.2018 |
| Статус, дата на статуса | 15.02.2012 - от С1,Р / 15.02.2012 |
| Служител, извършил регистрацията/редакцията | Теодора_Стоянова |
| 999 ## - СИСТЕМНИ КОНТРОЛНИ НОМЕРА | |
| Koha biblioitemnumber | 121819 |
| Код за отписване | Код за изгубен артикул | Източник на класификационната схема | Код за повреда | Коз за рестрикции | Код за отдаване | Артикулен № | Име на библиотеката - собственик | Име на библиотеката, в която се намира в момента | Статус (Текущо местоположение) | Дата на вписване в системата | Местоположение - отдел | Цена в лева | Инвентарен номер | Систематично азбучна сигнатура | Баркод | Номер на екземпляра | Цена в евро | Служебна бележка | Служебен тип на артикула |
|---|---|---|---|---|---|---|---|---|---|---|---|---|---|---|---|---|---|---|---|
| Не е изгубен | Universal Decimal Classification | Не е повреден | без рестрикции | ползва се в читалня | 196946 | Регионална библиотека "Любен Каравелов" Русе | Регионална библиотека "Любен Каравелов" Русе | Хранилище | 1989-01-01 | Хранилище | 1.84 | 517198 | Цб 157953 | 120000517198 | 1 | 0.94 | Дост: Dp Вид: Д N: стар фонд Дата: 01.01.1989 | Книги | |
| Не е изгубен | Universal Decimal Classification | Не е повреден | без рестрикции | заемане за дома | 196947 | Регионална библиотека "Любен Каравелов" Русе | Регионална библиотека "Любен Каравелов" Русе | Заемна - подръчен фонд | 1989-01-01 | Заемна - подръчен фонд | 1.84 | 516957 | 636.09/А 75 | 120000516957 | 2 | 0.94 | Дост: Pk Вид: Ф N: стар фонд Дата: 01.01.1989 Дата инв: 12.02.2018 Бележки инв: П2018 | Книги |